El arte nocturno de Victor Delhez
Uloženo v:
| Hlavní autor: | |
|---|---|
| Médium: | Kniha |
| Jazyk: | španělština |
| Vydáno: |
Buenos Aires
Losada
1938
|
| Témata: | |
| Tagy: |
Přidat tag
Žádné tagy, Buďte první, kdo vytvoří štítek k tomuto záznamu!
|
MARC
| LEADER | 00000nam a2200000 a 4500 | ||
|---|---|---|---|
| 001 | UCZ4412 | ||
| 003 | CL-VaPUC | ||
| 008 | 951109e19380000AG |||||||||||||||||spa|d | ||
| 082 | 0 | 4 | |a 769.92 |b DIE |2 21 |
| 100 | 0 | |a Diez de Medina, Fernando |e author |9 348444 | |
| 245 | 1 | 3 | |a El arte nocturno de Victor Delhez |
| 300 | |a 272 p | ||
| 942 | |c BK | ||
| 945 | |d 19951109 00:00:00 |a rleighto | ||
| 260 | |a Buenos Aires |b Losada |c 1938 | ||
| 600 | 0 | 7 | |a DELHEZ, VICTOR |2 CL-VaPUC |9 348445 |
| 650 | 0 | |a Pintura flamenca |9 319201 | |
| 650 | 7 | |a PINTORES FLAMENCOS |2 CL-VaPUC |9 348446 | |
| 650 | 0 | |a Arte |9 265238 | |
| 650 | 0 | |a Grabados |9 310822 | |
| 650 | 0 | |a Artistas |9 262026 | |
| 650 | 0 | |a Crítica e interpretación |9 255042 | |
| 583 | |a last modification |c 19951109 00:00:00 |k Rodrigo Vera | ||
| 999 | |c 240804 |d 240802 | ||
| 952 | |0 0 |1 0 |4 0 |6 769_920000000000000_DIE_1938 |7 0 |8 P |9 252839 |a BIBARQ |b BIBARQ |d 2019-11-18 |i 314688K |o 769.92 DIE 1938 |p 314688K |r 2025-01-20 |w 2019-11-18 |y BK |k ARQ | ||
| 952 | |0 0 |1 0 |4 0 |6 769_920000000000000_DIE_1938 |7 0 |8 P |9 252840 |a BIBARQ |b BIBARQ |d 2019-11-18 |i 3621561 |o 769.92 DIE 1938 |p 3621561 |r 2025-01-20 |w 2019-11-18 |y BK |k ARQ | ||